Xử lý rác thải sinh hoạt thị xã Vĩnh Long : Luận văn tốt nghiệp đại học

Nội dung điều tra hiện trạng quản lý rác thải sinh hoạt, đề xuất mô hình quản lý rác thải, các phương pháp xử lý phù hợp.

保存先:
書誌詳細
第一著者: Nguyễn, Hữu Nhiên
フォーマット: 図書
言語:Undetermined
出版事項: Cần Thơ Trường Đại học Cần Thơ 2001
主題:
タグ: タグ追加
タグなし, このレコードへの初めてのタグを付けませんか!
Thư viện lưu trữ: Trung tâm Học liệu Trường Đại học Cần Thơ
LEADER 00965nam a2200217Ia 4500
001 CTU_143120
008 210402s9999 xx 000 0 und d
082 |a 628.4 
082 |b Nh305 
088 |a 19600043 
100 |a Nguyễn, Hữu Nhiên 
245 0 |a Xử lý rác thải sinh hoạt thị xã Vĩnh Long : 
245 0 |b Luận văn tốt nghiệp đại học 
245 0 |c Nguyễn Hữu Nhiên ; Lê Hoàng Việt (Giáo viên hướng dẫn) 
260 |a Cần Thơ 
260 |b Trường Đại học Cần Thơ 
260 |c 2001 
520 |a Nội dung điều tra hiện trạng quản lý rác thải sinh hoạt, đề xuất mô hình quản lý rác thải, các phương pháp xử lý phù hợp. 
650 |a Refuse and refuse disposal,Rác thải và xử lý rác thải 
904 |i Tuyến 
980 |a Trung tâm Học liệu Trường Đại học Cần Thơ